<?xml version="1.0" encoding="UTF-8"?>
<record
    xmlns:xsi="http://www.w3.org/2001/XMLSchema-instance"
    xsi:schemaLocation="http://www.loc.gov/MARC21/slim http://www.loc.gov/standards/marcxml/schema/MARC21slim.xsd"
    xmlns="http://www.loc.gov/MARC21/slim">

  <leader>01701nam a22001457a 4500</leader>
  <datafield tag="999" ind1=" " ind2=" ">
    <subfield code="c">533001</subfield>
    <subfield code="d">533001</subfield>
  </datafield>
  <controlfield tag="008">260410b           ||||| |||| 00| 0 eng d</controlfield>
  <datafield tag="100" ind1=" " ind2=" ">
    <subfield code="a">Goel, Sapna and  Adhikari, Ishwor </subfield>
    <subfield code="9">60043</subfield>
  </datafield>
  <datafield tag="245" ind1=" " ind2=" ">
    <subfield code="a">Growth, structural transformation and female time-use in rural India: 1998&#x2013;2019</subfield>
  </datafield>
  <datafield tag="260" ind1=" " ind2=" ">
    <subfield code="a">The Indian Journal of Labour Economics </subfield>
  </datafield>
  <datafield tag="300" ind1=" " ind2=" ">
    <subfield code="a">68(4), Oct-Dec, 2025: p.1343-1371</subfield>
  </datafield>
  <datafield tag="520" ind1=" " ind2=" ">
    <subfield code="a">In the discourse on structural transformation and women&#x2019;s work, it is crucial to examine both production and reproduction spheres. Women&#x2019;s disproportionate burden in reproduction activities such as cooking, cleaning, and caregiving limits their participation in production sphere. Using Time-Use Survey (TUS) data from 1998 and 2019, we analyse the determinants of time rural women spend in non-System of National Accounts (SNA) activities during a period of high economic growth and structural change in India. The pooled cross-section regression reveals three key findings. Firstly, marital status significantly impacts women&#x2019;s time in non-SNA activities, with married women spending more time than unmarried women, showing a &#x201C;marriage penalty&#x201D;. Secondly, women with primary or secondary education spend more time in non-SNA tasks than those without education. Thirdly, women employed in agriculture or non-agriculture sectors spend less time in these activities. These factors influence men&#x2019;s non-SNA time as well, though to a lesser extent.-Reproduced 

https://link.springer.com/article/10.1007/s41027-025-00598-6
</subfield>
  </datafield>
  <datafield tag="650" ind1=" " ind2=" ">
    <subfield code="a">Time-use, Production sphere, Social reproduction theory, Gender, Women&#x2019;s work</subfield>
    <subfield code="9">60044</subfield>
  </datafield>
  <datafield tag="773" ind1=" " ind2=" ">
    <subfield code="a">The Indian Journal of Labour Economics </subfield>
  </datafield>
  <datafield tag="942" ind1=" " ind2=" ">
    <subfield code="c">AR</subfield>
  </datafield>
  <datafield tag="952" ind1=" " ind2=" ">
    <subfield code="0">0</subfield>
    <subfield code="1">0</subfield>
    <subfield code="2">ddc</subfield>
    <subfield code="4">0</subfield>
    <subfield code="7">0</subfield>
    <subfield code="9">408172</subfield>
    <subfield code="a">IIPA</subfield>
    <subfield code="b">IIPA</subfield>
    <subfield code="d">2026-04-10</subfield>
    <subfield code="h">68(4), Oct-Dec, 2025: p.1343-1371</subfield>
    <subfield code="p">AR138513</subfield>
    <subfield code="r">2026-04-10</subfield>
    <subfield code="y">AR</subfield>
  </datafield>
</record>
